Normal view
MARC view
Entry Topical Term
001 - CONTROL NUMBER
- control field: 12367
003 - CONTROL NUMBER IDENTIFIER
- control field: BD-RjUL
005 - DATE AND TIME OF LATEST TRANSACTION
- control field: 20240318094452.0
008 - FIXED-LENGTH DATA ELEMENTS
- fixed length control field: 240318|| aca||aabn | a|a d
040 ## - CATALOGING SOURCE
- Original cataloging agency: BD-RjUL
- Transcribing agency: BD-RjUL
150 ## - HEADING--TOPICAL TERM
- Topical term or geographic name entry element: Pakistani literature
- Geographic subdivision: Pakistan
- Geographic subdivision: Balochistān
- General subdivision: History and criticism
670 ## - SOURCE DATA FOUND
- Source citation: Work cat.: (BD-RjUL)83370: Zafar, Sirajuddin ;; ظفر, سراجالدىن 1935- author. 12366, Front cover image for نقُوشِ ادب : اردو کے قدىم و جدىد نثر نگاروں کے منتخب شهپارے نقُوشِ ادب : اردو کے قدىم و جدىد نثر نگاروں کے منتخب شهپارے / Naqūsh-i adab : Urdu ke qadīm va jadīd nas̲r nigāron̲ ke muntak̲h̲ab shahpāre /